| 000 | 02102nac a22005531u 4500 | ||
|---|---|---|---|
| 008 | 090121t xxu||||| |||| 00| 0 eng d | ||
| 010 | _a 76046132 | ||
| 022 | 0 | _a0276-8178 | |
| 035 | _a(OCoLC)ocm04254388 | ||
| 082 |
_a809.0405 _bTWE |
||
| 100 | _a20080729 | ||
| 245 | 0 | 0 | _aTwentieth-century literary criticism / |
| 246 | 1 | 3 | _aTCLC |
| 260 |
_aDetroit, Mich. : _bGale Research Co.,1978- _cc1978- |
||
| 300 |
_av. ; _c29 cm. |
||
| 500 | _aPublished: Farmington Hills, MI : Thomson Gale, 2002- | ||
| 500 | _aLatest issue consulted: Vol. 182, copyrighted 2007. | ||
| 500 | _aDonations. | ||
| 500 | _aDonations - AUC. | ||
| 505 | _aIssues: V.37, 39, 40, 41, (1991) | ||
| 505 | _aIssues: V.42, 43, 44, 45, (1992) | ||
| 505 | _aIssues: V.30, 31,33, (1989) | ||
| 505 | _aIssues: V.55, 56, 57, 59(1995) | ||
| 505 | _aIssues: V.156,157, 158, 159, 160, 165, (2005) | ||
| 505 | _aIssues: V.166, 167,173, 176, 177 (2006) | ||
| 505 | _aIssues: V.187, 189, (2007) | ||
| 505 | _aIssues: V.128,130, 131 (2003) | ||
| 505 | _aIssues: V.78, 79, 80, 83, 84, 85, (1999) | ||
| 505 | _aIssues: V.86, 87 (2000) | ||
| 505 | _aIssues: V.66,68,69,70, 71,72, ,77,(1997) | ||
| 505 | _aIssues: V.73, 74, 75, 76, 77 (1998) | ||
| 505 | _aIssues: V.17, (1985) | ||
| 505 | _aIssues: V.21, (1986) | ||
| 505 | _aIssues: V.25, 26, 27, (1988) | ||
| 505 | _aIssues: V.6, 7, 8, (1982) | ||
| 505 | _aIssues: V. 65, (1996) | ||
| 505 | _aIssues: V.5, (1981) | ||
| 505 | _aIssues: V.24, (1987) | ||
| 511 | _aCatalogued By: Mahitab. | ||
| 511 | _aCatalogued by: Wessam | ||
| 511 | _aCatalogued by: Sara. | ||
| 650 | 0 |
_aLiterature, Modern - 20th century - History and criticism - Periodicals. _y20th century _xHistory and criticism _vPeriodicals. _2BUEsh |
|
| 650 | 0 |
_aLiterature, Modern - 19th century - History and criticism - Periodicals. _y19th century _xHistory and criticism _vPeriodicals. _2BUEsh |
|
| 650 | 0 |
_aLetterkunde. _2BUEsh |
|
| 651 | _2BUEsh | ||
| 710 | 2 | _aGale Research Company. | |
| 710 | 2 | _aThomson Gale (Firm) | |
| 942 |
_cNB _k809.0405TWE _2ddc |
||
| 999 |
_c9767 _d9767 |
||